Coyuntura actual de las pandillas /

Este discurso hace alusión a la coyuntura actual de las pandillas, a partir de reflexiones colectivas desarrolladas en torno a la coyuntura de la seguridad en el país. Primeramente refiere a la respuesta institucional que históricamente el Estado salvadoreño le ha dado a este fenómeno, para posterio...

Fuld beskrivelse

Guardado en:
Bibliografiske detaljer
Hovedforfatter: Aguilar, Jeannette
Format: Texto
Fag:
Tags: Tilføj Tag
Ingen Tags, Vær først til at tagge denne postø!

MARC

LEADER 00000 a a2200000 04500
001 45533
003
040 |a CRAI/IIS  |c CRAI/IIS 
100 |a Aguilar, Jeannette  
245 |a Coyuntura actual de las pandillas /  |c Jeannette Aguilar  
520 |a Este discurso hace alusión a la coyuntura actual de las pandillas, a partir de reflexiones colectivas desarrolladas en torno a la coyuntura de la seguridad en el país. Primeramente refiere a la respuesta institucional que históricamente el Estado salvadoreño le ha dado a este fenómeno, para posteriormente señalar los antecedentes de instrumentalización politicopartidaria e indicar algunos mitos y representaciones sociales construidos desde el discurso oficial en el marco de la llamada tregua, siendo así que finalice colocando sus dudas en torno a la sostenibilidad, confiabilidad y el enfoque jerárquico con que se ha manejado esta tregua.  
590 |a AMB/NOVIEMBRE2014  
650 |a ESTADO  
650 |a POLITICA  
650 |a PANDILLAS (CIDCACS)  
650 |a EL SALVADOR  
773 |g volumen67, número731 (2012), páginas 481-487  
999 |c 18225  |d 18225